01024cam a2200217 a 450000100090000000300050000900500170001400800410003101000170007202000430008904000200013205000220015210000190017424501100019326000580030330000250036150400660038650502900045265000350074265000290077715989663PACU20150211151551.0091119s2010 enk b 001 0 eng  a 2009047333 a9780195395259 (cloth : acidfree paper) aPACUcPACUbeng00aHC 85b.C656 20101 aCollier, Paul.14aThe plundered planet :bwhy we must, and how we can, manage nature for global prosperity /cPaul Collier. aOxford ;aNew York :bOxford University Press,c2010. axv, 271 p. ;c22 cm. aIncludes bibliographical references (p. [245]-247) and index.0 aPoverty and plunder -- Is nature priceless? -- Cursed by nature? -- Discovering natural assets -- The capture of natural assets -- Selling the family silver -- Investing in investing -- Is a fish a natural asset? -- Natural liabilities -- Romance and hunger -- Restoring natural order. 0aNatural resourcesxManagement. 0aSustainable development.